000
00281nam a22001217a 4500
003
OSt
008
250103b |||||||| |||| 00| 0 eng d
041
_a
eng
082
_a
627.2
_b
SRI/HA
100
_a
Srinivasan, R
_9
5576
245
_a
Harbour dock and tunnel engineering
942
_c
BK
999
_c
18887
_d
18887